00344 a2200121 4500020002600000035001300026037004500039082000600084100002200090245004300112260004400155300002300199 a9780007120741c575.60 aB-211582 bRP-ZLS-2783 / UBH-07-08:6 / RP-07-08:ENG14aN1 aChristies, Agatha1 aLord Edgware diescby Agatha Christies aLondonbHarper Collins Publishersc2001 a351 pc18 cm (pbk)